000 00406nam a2200157Ia 4500
005 20250701012954.0
008 240331s9999 xx 000 0 und d
020 _a9559521144
082 _bKUM
_a891
100 _aKumarasinghe,K
245 0 _a70 dhashakaye sinhala nawakathawa
260 _aKelaniya
_bShila Printing Works
_c1995
300 _a137 p .,
500 _aSinhala in the 70s Novels
942 _cL
999 _c4838
_d4838